00522nam a2200193Ia 450000500170000000800410001702000060005808200130006410000190007724500150009626000430011130000180015465000100017265000160018265000140019894200060021295200950021899900150031320241024034431.0240331s9999 xx 000 0 und d a  bTHIa821 aThiagarajah, T 0aWalk along aHong KongbGitanjali Publishers c2001 axiii, 48 p ., aPoems aNationalism aReligious cL 001040708LaWERCLbWERCLcSSCd2024-03-31l0o 821 THIp4569r2024-03-31w2024-03-31yL c4362d4362